Obálka Náhled e-knihy:
PDF
Pro půjčování e-knih musíte být přihlášeni.
Jak si půjčit online?

Vianočné mačiatko /

Deväťročná Emily vždy snívala o vlastnom mačiatku, zatiaľ čo jej mladší brat Tom túžil po šteniatku. Toľko sa dožadovali zvieracieho maznáčika, až im rodičia povedali rezolútne NIE! Na Štedrý deň vyrazí Emily s mamičkou na nákupy. Pri obchode začujú tiché mraučanie. Medzi odpadkami objavia malé opus...

Celý popis

Uloženo v:
Hlavní autor: Waterbrooková, Rose (Autor)
Médium: E-kniha
Jazyk:Czech
Vydáno: Praha : Albatros Media Slovakia s.r.o., 2025
Tagy:
Žádné tagy
LEADER 01482nam a22002297i 4500
001 302706
007 ta
008 260514s2025 xr ||||| |||| 00| 0 cze d
020 |a 9788056648582 
044 |a xr 
100 1 |a  Waterbrooková, Rose  |4 aut 
245 1 0 |a Vianočné mačiatko /  |c  Waterbrooková, Rose 
240 1 0 |a Lost Kitten at Christmas 
264 1 |a Praha :  |b Albatros Media Slovakia s.r.o.,  |c 2025 
300 |a 1 online zdroj (120 stran) 
336 |a text  |b txt  |2 rdacontent 
337 |a bez média  |b n  |2 rdamedia 
338 |a online zdroj  |b cr  |2 rdacarrier 
520 2 |a Deväťročná Emily vždy snívala o vlastnom mačiatku, zatiaľ čo jej mladší brat Tom túžil po šteniatku. Toľko sa dožadovali zvieracieho maznáčika, až im rodičia povedali rezolútne NIE! Na Štedrý deň vyrazí Emily s mamičkou na nákupy. Pri obchode začujú tiché mraučanie. Medzi odpadkami objavia malé opustené mačiatko. Miestny útulok je cez sviatky zatvorený, a tak im nezostáva iné, než si ho vziať na Vianoce domov. Emily dúfa, že jej rodičia dovolia, aby si mačiatko nechali navždy… 
910 |a RBIT002 
998 |d 426963  |a https://core.palmknihy.cz/api/books/426963/cover?tesgi4  |b https://core.palmknihy.cz/api/books/426963/cover/400?tesgi4  |c https://core.palmknihy.cz/api/books/426963/cover/50?tesgi4  |e 2030-03-10  |g 120  |i 9788056648582  |k https://core.palmknihy.cz/api/books/426963/preview.pdf  |l   |q 49  |r 1  |s https://www.palmknihy.cz/kniha/426963  |t ebook  |y 2025  |z 1 
999 |d 302704